Statistics for Personal Names in JOHN DENVER Song Titles

Click here to take the quiz!

General Stats

  • This quiz has been taken 3 times
  • The average score is 4 of 17

Answer Stats

Song Year NAME % Correct
The Ballad of _____ Agnew1969Spiro
100%
_____'s Song1974Annie
100%
______ B. Goode1979Johnny
100%
_______ Rigby1970Eleanor
67%
_____ / The Christmas Tree2001Alfie
33%
_____ Farrow1972Darcy
33%
Zachary and ________1973Jennifer
0%
___'s Song1976Eli
0%
Dearest _________1977Esmeralda
0%
_____ Newman1970Jimmy
0%
______ and Joe1979Joseph
0%
The Ballad of St. ____'s Reel1980Anne
0%
Whispering _____1989Jesse
0%
_____ Dreamed of Trains1997Jenny
0%
____ Ballou1998Rita
0%
Dance Little ____1998Jean
0%
Sweet _______1979Melinda
0%

Score Distribution

Percentile by Number Answered

Percent of People with Each Score

Your Score History

You have not taken this quiz